01839nam a22002417a 450000500170000000800410001702000180005804000070007604100120008308200220009510000290011724500700014626000210021630000300023736500540026752009690032165000440129065000330133465000280136794200120139599900190140795201710142620260123161654.0231129b ||||| |||| 00| 0 eng d a9781844084968 cAL aEnglish 223a823.009bSHOL aElaine Showalter9252459 aLiterature Of Their Ownb: From Charlotte Bronte to Doris Lessing aUKbViragoc2014 axxix,354pbPBc19.7x2.5cm a6431b₹920.00c₹d₹1150.00e20%f27-11-2023 aWhen first published in 1982, A LITERATURE OF THEIR OWN quickly set the stage for the creative explosion of feminist literary studies that transformed the field in the 1980s. Launching a major new area for literary investigation, the book uncovered the long but neglected tradition of women writers and the development of their fiction from the 1800s onwards. It includes assessments of famous writers such as the Brontës, George Eliot, Virginia Woolf, Margaret Drabble and Doris Lessing, but also presents critical appraisals of Mary Braddon, Rhoda Broughton and Sarah Grand – to name but a few of those prolific and successful Victorian novelists – once household names, now largely forgotten. This edition, revised and expanded in 1997, contains an introductory chapter surveying the book’s reception as well as a postscript chapter celebrating the legacy of feminism and feminist criticism in the efflorescence of contemporary British fiction by women. aLiterature and Literary Studies9143688 aWomen and literature9143689 aEnglish fiction9143690 2ddccBK c229339d229339 00102ddc40708ENGaALbALd2023-11-28eBiblios Book Point Surathkal Mangalore 575014g920.00l1o823.009 SHOLp076975r2024-06-26 00:00:00s2024-01-02v1150.00yBK